Ten Most Rectangular U.S. States - Statistics

General Stats
  • This quiz has been taken 71,157 times
  • The average score is 8 of 10
Answer Stats
% State % Correct
100 Colorado
93%
100 Wyoming
90%
97.4 North Dakota
87%
93.5 South Dakota
87%
97.7 Kansas
82%
90.9 Utah
78%
96.8 New Mexico
74%
90.8 Arizona
71%
90.9 Oregon
71%
94.8 Pennsylvania
42%
No matching quizzes found
Score Distribution
Percent of People with Each Score
Percentile by Number Answered
Your Score History
You have not taken this quiz